000 00562nam a2200181 i 4500
001 118628
003 ES-MaACL
005 20250727024450.0
007 t|
008 070214s1946 sp r ||||1| spa d
100 1 _aPérez de Barradas, José.
_990766
245 1 0 _aManual de antropología /
_cJosé Pérez de Barradas.
260 _aMadrid :
_bCultura Clásica y Moderna,
_c1946.
300 _aXVI, 524 p. 48 láms. ;
_c25 cm.
650 7 _aAntropología física
_2embne
_99893
852 _aES-MaACL
_jB-10544
_bR.22026
999 _c118628
_d118628